Income Tax Law: (Record no. 195582)

MARC details
000 -LEADER
fixed length control field 00660nam a22002057a 4500
005 - DATE AND TIME OF LATEST TRANSACTION
control field 20230406121335.0
010 ## - LCCN (DPL NO)
LC control number ENG-136630
020 ## - INTERNATIONAL STANDARD BOOK NUMBER
Terms of availability 2450.00
International Standard Book Number 9789351436805
035 ## - SYSTEM CONTROL NUMBER
System control number EN-120151
037 ## - SOURCE OF ACQUISITION
Source of stock number/acquisition DBAD/PUB
082 ## - DEWEY DECIMAL CLASSIFICATION NUMBER
Classification number 343.54052
100 ## - MAIN ENTRY--PERSONAL NAME
Personal name Chaturvedi
245 00 - TITLE STATEMENT
Title Income Tax Law:
Statement of responsibility, etc By Chaturvedi And Pithisaria
Remainder of title Wealth Tax Act 1957/
250 ## - EDITION STATEMENT
Edition statement Sixth
260 ## - PUBLICATION, DISTRIBUTION, ETC. (IMPRINT)
Place of publication, distribution, etc Haryana
Name of publisher, distributor, etc Lexis Nexis
Date of publication, distribution, etc 2016
270 ## - ADDRESS
Address 14th Floor Building No.10, Tower-B, DLF Cyber City Phase 2 Gurgaon
City Haryana
Postal code 122002
Electronic mail address helpin@lexisnexis.com
300 ## - PHYSICAL DESCRIPTION
Extent ccxl,Vp.;
Dimensions 25cm(hbk)
500 ## - GENERAL NOTE
General note Includes index
942 ## - ADDED ENTRY ELEMENTS (KOHA)
Source of classification or shelving scheme Dewey Decimal Classification
Item type English Books
Call number suffix CHA
Classification part 343.54052
Holdings
Withdrawn status Lost status Not for loan Collection code Home library Current library Date acquired Source of acquisition Cost, normal purchase price Full call number Barcode Copy number Cost, replacement price Koha item type
      Reference Central Library Central Library 06/04/2023 DBAD/PUB 2450.00 343.54052 CHA EN-120162 1 2450.00 English Books

© Delhi Public Library
Hit Counter
free hit counter